Blackov-Littermanov model v teórii a praxi

Teoretický opis Blackovho-Littermanovho modelu ako pokračovania pôvodnej teórie modelu CAPM s vyššou komplexnosťou pre spojenie kvantitatívnych matematických metód s kvalitatívnymi a subjektívnymi odhadmi investorov. Využitie modelu na konštrukcii portfólia akcií vybraných z akciového indexu DAX30....

Description complète

Enregistré dans:
Détails bibliographiques
Auteur principal: Pinda, Ľudovít, 1958-
Format: Chapitre de livre
Langue:slovaque
Sujets:
Tags: Ajouter un tag
Pas de tags, Soyez le premier à ajouter un tag!

MARC

LEADER 00000naa$a2200000$$$4500
001 0270932
005 20240502074243.3
041 0 |a slo 
044 |a SK 
245 1 0 |a Blackov-Littermanov model v teórii a praxi  |c Ľudovít Pinda 
520 |a Teoretický opis Blackovho-Littermanovho modelu ako pokračovania pôvodnej teórie modelu CAPM s vyššou komplexnosťou pre spojenie kvantitatívnych matematických metód s kvalitatívnymi a subjektívnymi odhadmi investorov. Využitie modelu na konštrukcii portfólia akcií vybraných z akciového indexu DAX30. Vytvorené portfólio majúce vyššiu výnosnosť ako výnosnosť indexu DAX30 pri stratégii buy&hold a ešte vyššiu výnosnosť pri uvažovaní krátkej pozície vybraných akcií. 
610 2 0 |a teória portfólia 
610 2 0 |a stratégia investičná 
610 2 0 |a modely investícií 
610 2 0 |a výnosnosť 
610 2 0 |a indexy akciové 
610 2 0 |a model CAPM 
610 2 0 |a matematika finančná 
610 2 0 |a teória a prax 
100 1 |a Pinda, Ľudovít, 1958-